Bhāratīya javānoṃ kī lalakāra. (Record no. 72535)
[ view plain ]
| 000 -LEADER | |
|---|---|
| fixed length control field | 00715cam a22002411 4500 |
| 001 - CONTROL NUMBER | |
| control field | sa 67001317 |
| 003 - CONTROL NUMBER IDENTIFIER | |
| control field | DLC |
| 005 - DATE AND TIME OF LATEST TRANSACTION | |
| control field | 20260227112321.0 |
| 008 - FIXED-LENGTH DATA ELEMENTS--GENERAL INFORMATION | |
| fixed length control field | 870413s1966 ii ac 000 0 hin |
| 010 ## - LIBRARY OF CONGRESS CONTROL NUMBER | |
| LC control number | sa 67001317 |
| 035 ## - SYSTEM CONTROL NUMBER | |
| System control number | (OCoLC)15525798 |
| 040 ## - CATALOGING SOURCE | |
| Original cataloging agency | DLC |
| Transcribing agency | NRU |
| Modifying agency | NRU |
| -- | DLC |
| 042 ## - AUTHENTICATION CODE | |
| Authentication code | premarc |
| 043 ## - GEOGRAPHIC AREA CODE | |
| Geographic area code | a-ii--- |
| -- | a-pk--- |
| 050 00 - LIBRARY OF CONGRESS CALL NUMBER | |
| Classification number | DS384 |
| Item number | .N3 |
| 100 1# - MAIN ENTRY--PERSONAL NAME | |
| Personal name | Nārāyaṇa, Harendradeva, |
| Dates associated with a name | 1917- |
| 245 10 - TITLE STATEMENT | |
| Title | Bhāratīya javānoṃ kī lalakāra. |
| Statement of responsibility, etc. | [Lekhaka] Harendradeva Nārāyaṇa. |
| 250 ## - EDITION STATEMENT | |
| Edition statement | [1. saṃskaraṇa] |
| 260 ## - PUBLICATION, DISTRIBUTION, ETC. | |
| Place of publication, distribution, etc. | [Patanā, |
| Name of publisher, distributor, etc. | Dibyāloka-Prakāśana, |
| Date of publication, distribution, etc. | 1966] |
| 300 ## - PHYSICAL DESCRIPTION | |
| Extent | 160 p. |
| Other physical details | illus., ports. |
| Dimensions | 23 cm. |
| 500 ## - GENERAL NOTE | |
| General note | In Hindi. |
| 650 #0 - SUBJECT ADDED ENTRY--TOPICAL TERM | |
| Topical term or geographic name entry element | India-Pakistan Conflict, 1965. |
No items available.